Guess the footballer born in the year 1993 - Statistics

General Stats
  • This quiz has been taken 16 times
  • The average score is 8 of 16
Answer Stats
Picture Answer % Correct
Thomas Partey
86%
Yannick Carrasco
86%
Nabil Fekir
79%
Lucas Digne
71%
Tyrone Mings
71%
Romelu Lukaku
64%
Giovanni Di Lorenzo
57%
Patrick Bamford
57%
Ben Davies
50%
Nélson Semedo
50%
Rafa Silva
50%
José Sa
36%
Abdoulaye Doucouré
29%
Mario Lemina
14%
Bobby Decordova-Reid
7%
Sam Johnstone
7%
No matching quizzes found
Score Distribution
Percent of People with Each Score
Percentile by Number Answered
Your Score History
You have not taken this quiz